[Event "Zalakaros"]
[Site "?"]
[Date "2011.05.22"]
[EventDate "2011.??.??"]
[Round "3"]
[Result "1/2-1/2"]
[White "Erik Andrew Kislik"]
[Black "Richard Rapport"]
[WhiteElo "2347"]
[BlackElo "2552"]
[PlyCount "74"]

1. e4 e5 2. Nf3 Nc6 3. Bb5 a6 4. Ba4 Nf6 5. O-O Be7 6. Re1 b5
7. Bb3 d6 8. c3 O-O 9. h3 Na5 10. Bc2 c5 11. d4 Bb7 12. d5 Nc4
13. b3 Nb6 14. Nbd2 g6 15. c4 Nh5 16. Bd3 b4 17. Bf1 Bf6
18. Bb2 Bg7 19. g3 Nd7 20. Bg2 Kh8 21. Kh2 Nhf6 22. Re2 Ng8
23. Ne1 f5 24. Nd3 f4 25. gxf4 Ngf6 26. fxe5 dxe5 27. f4 Nh5
28. fxe5 Qg5 29. Nf1 Nxe5 30. Qd2 Qe7 31. Nxe5 Bxe5+ 32. Kg1
Nf4 33. Rf2 Kg8 34. Bxe5 Qxe5 35. Re1 a5 36. Nh2 Qg5 37. Kh1
Qh4 1/2-1/2

[Event "Groningen Chess Festival"]
[Site "Groningen NED"]
[Date "2011.12.26"]
[EventDate "2011.12.21"]
[Round "5.5"]
[Result "0-1"]
[White "Hagen Poetsch"]
[Black "Richard Rapport"]
[WhiteElo "2408"]
[BlackElo "2534"]
[PlyCount "72"]

1. e4 c6 2. d4 d5 3. e5 Bf5 4. Nf3 e6 5. Be2 Nd7 6. O-O h6
7. Nbd2 Ne7 8. Nb3 Bh7 9. a4 Rc8 10. a5 a6 11. c4 dxc4
12. Nbd2 Nd5 13. Nxc4 Be7 14. Qb3 Rb8 15. Bd2 Bg6 16. Ne3 Be4
17. Nd1 O-O 18. Re1 Bg6 19. Ne3 Nf4 20. Bf1 Re8 21. Bb4 c5
22. dxc5 Nxc5 23. Bxc5 Bxc5 24. Qc4 Bxe3 25. Rxe3 Nd5 26. Rb3
Rc8 27. Qd4 Re7 28. Nd2 Rd7 29. Nc4 Nb4 30. Qb6 Nc2 31. Rc1
Qg5 32. Rb1 Rc6 33. Qa7 Nd4 34. Rg3 Qd8 35. Rxg6 b5 36. Qxd7
Qxd7 0-1

[Event "Groningen Chess Festival"]
[Site "Groningen NED"]
[Date "2011.12.27"]
[EventDate "2011.12.21"]
[Round "6.3"]
[Result "1-0"]
[White "Richard Rapport"]
[Black "Sipke Ernst"]
[WhiteElo "2534"]
[BlackElo "2593"]
[PlyCount "72"]

1. d4 d5 2. c4 c6 3. e3 Bf5 4. Nc3 e6 5. g4 Bg6 6. Nge2 Bd6
7. Qb3 b6 8. Bg2 Ne7 9. e4 dxe4 10. Nxe4 Bxe4 11. Bxe4 Nd7
12. Bg5 Rc8 13. O-O-O h6 14. Bh4 Qc7 15. Bc2 c5 16. d5 exd5
17. Nc3 g5 18. Rhe1 Nf6 19. Nb5 Bf4+ 20. Kb1 Qd8 21. cxd5 O-O
22. d6 Nc6 23. d7 Nxd7 24. Bg3 Bxg3 25. hxg3 a6 26. Rd6 c4
27. Qf3 Re8 28. Rh1 Re6 29. Qf5 Qe8 30. Qh7+ Kf8 31. Qh8+ Ke7
32. Rxe6+ fxe6 33. Qg7+ Kd8 34. Nd6 Qf8 35. Qxf8+ Nxf8
36. Nxc8 Kxc8 1-0

[Event "Groningen Chess Festival"]
[Site "Groningen NED"]
[Date "2011.12.29"]
[EventDate "2011.12.21"]
[Round "8.2"]
[Result "1-0"]
[White "Alexander Kovchan"]
[Black "Richard Rapport"]
[WhiteElo "2573"]
[BlackElo "2534"]
[PlyCount "85"]

1. e4 e6 2. d4 d5 3. Nc3 Bb4 4. e5 c5 5. a3 Bxc3+ 6. bxc3 Qc7
7. Qg4 f5 8. Qg3 Ne7 9. Qxg7 Rg8 10. Qxh7 cxd4 11. Ne2 Nbc6
12. Qh5+ Ng6 13. f4 dxc3 14. Be3 Bd7 15. Nd4 Nxd4 16. Bxd4
O-O-O 17. Qf3 Ba4 18. Qf2 Ne7 19. h4 Nc6 20. Bxc3 d4 21. Bb2
Qa5+ 22. Qd2 Qd5 23. O-O-O Kb8 24. Kb1 Rd7 25. Rh3 Rc7 26. Rc1
Rgc8 27. c4 dxc3 28. Qxd5 cxb2 29. Rxc6 Rxc6 30. Qxc6 Rxc6
31. Bd3 Rc1+ 32. Kxb2 Rg1 33. Rh2 Rd1 34. Kc3 Rc1+ 35. Kd2 Rc8
36. h5 Kc7 37. h6 Rh8 38. g4 fxg4 39. h7 Be8 40. Rh4 Kd8
41. Rxg4 Bf7 42. Rg7 Ke8 43. Bg6 1-0

[Event "Groningen Chess Festival"]
[Site "Groningen NED"]
[Date "2011.12.30"]
[EventDate "2011.12.21"]
[Round "9.4"]
[Result "1/2-1/2"]
[White "Richard Rapport"]
[Black "Evgeny Romanov"]
[WhiteElo "2534"]
[BlackElo "2627"]
[PlyCount "77"]

1. d4 Nf6 2. c4 e6 3. Nc3 Bb4 4. e3 O-O 5. Ne2 d5 6. a3 Be7
7. cxd5 Nxd5 8. Bd2 Nd7 9. g3 N5b6 10. Bg2 e5 11. O-O exd4
12. Nxd4 Ne5 13. b4 Nec4 14. Nce2 Nxd2 15. Qxd2 a5 16. b5 a4
17. Qc2 Bd6 18. Nf4 g6 19. Nd3 Qe7 20. Qc3 Re8 21. Rfe1 Nd7
22. e4 Qf8 23. f4 Nc5 24. Nb4 Ne6 25. Ndc2 c6 26. e5 Bc5+
27. Kh1 Nd8 28. bxc6 bxc6 29. Rac1 Bb6 30. Nd4 Bb7 31. Qc4 Rc8
32. Ne2 Ne6 33. Nc3 Nc5 34. f5 gxf5 35. Qf4 Re6 36. Qxf5 Qg7
37. Ne4 Nxe4 38. Rxe4 Rd8 39. Rg4 1/2-1/2

[Event "Tradewise Gibraltar"]
[Site "Catalan Bay GIB"]
[Date "2012.01.24"]
[EventDate "2012.01.24"]
[Round "1.38"]
[Result "1/2-1/2"]
[White "Richard Rapport"]
[Black "Ido Ben Artzi"]
[WhiteElo "2543"]
[BlackElo "2284"]
[PlyCount "66"]

1. Nf3 g6 2. c4 Bg7 3. Nc3 c5 4. g3 Nc6 5. Bg2 d6 6. O-O Nh6
7. d4 cxd4 8. Bxh6 Bxh6 9. Nxd4 Bd7 10. c5 dxc5 11. Nxc6 bxc6
12. Na4 O-O 13. Nxc5 Bf5 14. Be4 Bh3 15. Qxd8 Raxd8 16. Rfd1
Bg7 17. Na4 Be6 18. Bxc6 Rxd1+ 19. Rxd1 Bxa2 20. Bd5 Bxd5
21. Rxd5 Rb8 22. Rd7 e6 23. Rxa7 Bxb2 24. Rd7 Rb5 25. Rc7 Bd4
26. e3 Rb4 27. Rc8+ Kg7 28. Ra8 Be5 29. Nc5 Bd6 30. Nd3 Rb3
31. Nf4 Bxf4 32. gxf4 h5 33. Kg2 Kf6 1/2-1/2

[Event "Tradewise Gibraltar"]
[Site "Catalan Bay GIB"]
[Date "2012.01.25"]
[EventDate "2012.01.24"]
[Round "2.33"]
[Result "0-1"]
[White "Nico Georgiadis"]
[Black "Richard Rapport"]
[WhiteElo "2291"]
[BlackElo "2543"]
[PlyCount "84"]

1. e4 c5 2. Nf3 d6 3. d4 cxd4 4. Nxd4 e6 5. c4 a6 6. Nc3 b6
7. Be3 Bb7 8. Be2 Nf6 9. f3 Be7 10. O-O O-O 11. Qd2 Qc7
12. Rfc1 Rc8 13. Rab1 Qd8 14. b4 Nbd7 15. a4 Rab8 16. Nc2 Qf8
17. Kh1 Kh8 18. Bf2 Rd8 19. Rd1 Ba8 20. Qc1 h6 21. Qa3 a5
22. Nb5 d5 23. exd5 exd5 24. Bg3 Rbc8 25. Qa2 Nh5 26. Bc7 Re8
27. cxd5 axb4 28. f4 Ndf6 29. Bf3 Bc5 30. Be5 Qe7 31. Qb3 Qd7
32. Bxh5 Nxh5 33. Qf3 Qf5 34. Ncd4 Qg6 35. Nb3 Bf8 36. Rbc1
Rxc1 37. Rxc1 f6 38. Bd4 Nxf4 39. Nc7 Bd6 40. Nxa8 Rxa8
41. Rc6 Re8 42. Bf2 Nd3 0-1

[Event "Tradewise Gibraltar"]
[Site "Catalan Bay GIB"]
[Date "2012.01.26"]
[EventDate "2012.01.24"]
[Round "3.22"]
[Result "1-0"]
[White "Richard Rapport"]
[Black "Jean Herman"]
[WhiteElo "2543"]
[BlackElo "2077"]
[PlyCount "73"]

1. Nf3 d5 2. b3 Nf6 3. Bb2 Bg4 4. e3 e6 5. h3 Bh5 6. d3 Bd6
7. Nbd2 Nbd7 8. g4 Bg6 9. Nh4 e5 10. Bg2 c6 11. Qe2 Qe7 12. a3
Nc5 13. Nf1 e4 14. Nd2 O-O-O 15. d4 Ne6 16. c4 Kb8 17. c5 Bc7
18. b4 Ka8 19. Bc3 Ng8 20. Nxg6 hxg6 21. b5 Qd7 22. bxc6 bxc6
23. Kd1 f5 24. Kc2 f4 25. Qa6 Ne7 26. Rhb1 Rb8 27. Rb4 Rxb4
28. axb4 Bb8 29. b5 cxb5 30. Nxe4 f3 31. Bxf3 Rxh3 32. Nd2 Ng5
33. Be2 Qb7 34. Bxb5 Rh2 35. Rf1 Rg2 36. Qa4 Bc7 37. Rb1 1-0

[Event "Tradewise Gibraltar"]
[Site "Catalan Bay GIB"]
[Date "2012.01.30"]
[EventDate "2012.01.24"]
[Round "7.28"]
[Result "1-0"]
[White "Richard Rapport"]
[Black "Gerald Loew"]
[WhiteElo "2543"]
[BlackElo "2251"]
[PlyCount "101"]

1. d4 Nf6 2. c4 g6 3. Nf3 Bg7 4. b4 O-O 5. Bb2 c6 6. a4 d5
7. e3 Bg4 8. Nbd2 Nbd7 9. Be2 a5 10. b5 c5 11. O-O Rc8 12. Rc1
Re8 13. h3 Bxf3 14. Bxf3 e6 15. g3 Qb6 16. Nb3 e5 17. dxe5
Nxe5 18. cxd5 c4 19. Nd2 Nfd7 20. Bg2 Nd3 21. Nxc4 Rxc4
22. Qxd3 Rxa4 23. Ba3 Bf8 24. Bxf8 Rxf8 25. Rfd1 Qd6 26. Qc3
Rb4 27. Qc7 Qxc7 28. Rxc7 Rd8 29. Rxb7 Nc5 30. Rc7 Na4 31. Ra1
Nb6 32. Rxa5 Nxd5 33. Bxd5 Rxd5 34. Raa7 Rf5 35. g4 Rf6
36. Ra6 Kg7 37. Rxf6 Kxf6 38. Rc6+ Kg5 39. b6 h5 40. gxh5 Kxh5
41. Rf6 Kg5 42. Rxf7 Rxb6 43. Kg2 Rb5 44. Kf3 Ra5 45. Kg3 Ra4
46. Rd7 Rb4 47. Rd5+ Kf6 48. h4 Ra4 49. f4 Ra3 50. Kf3 Ra1
51. h5 1-0

[Event "HUN-chT 1112"]
[Site "Szombathely HUN"]
[Date "2012.02.19"]
[EventDate "2011.09.25"]
[Round "6"]
[Result "1/2-1/2"]
[White "Viktor Erdos"]
[Black "Richard Rapport"]
[WhiteElo "2608"]
[BlackElo "2547"]
[PlyCount "54"]

1.d4 Nc6 2.d5 Ne5 3.e4 e6 4.f4 exd5 5.fxe5 Qh4+ 6.Ke2 Qh5+
7.Kd2 Qh6+ 8.Kc3 Qc6+ 9.Kd2 Qh6+ 10.Kd3 Qa6+ 11.Kd2 Qh6+
12.Ke1 Qh4+ 13.Kd2 Qf4+ 14.Kc3 Qxe5+ 15.Qd4 Bb4+ 16.Kd3 dxe4+
17.Qxe4 Qxe4+ 18.Kxe4 Nf6+ 19.Ke3 Bc5+ 20.Kf3 b5 21.Bd3 Bb7+
22.Kg3 Bd6+ 23.Kf2 Ng4+ 24.Kf1 Nxh2+ 25.Kf2 Ng4+ 26.Kf1 Nh2+
27.Kf2 Ng4+ 1/2-1/2

[Event "World Junior Championship"]
[Site "Athens GRE"]
[Date "2012.08.05"]
[EventDate "2012.08.02"]
[Round "4.9"]
[Result "1-0"]
[White "Richard Rapport"]
[Black "Dmytro Kigel"]
[WhiteElo "2605"]
[BlackElo "2276"]
[PlyCount "43"]

1. d4 Nf6 2. c4 e6 3. Nc3 Bb4 4. e3 b6 5. Nge2 Ba6 6. Ng3 Qe7
7. Bd3 c5 8. O-O Bxc3 9. bxc3 Nc6 10. e4 O-O 11. Re1 d6 12. e5
dxe5 13. dxe5 Nd7 14. Bf4 f5 15. exf6 Qxf6 16. Nh5 Qf7 17. Qg4
Nf6 18. Nxf6+ Qxf6 19. Be4 e5 20. Bg3 Bc8 21. Qh5 g6 22. Qh6
1-0

[Event "TCh-AUT -13"]
[Site "Hohenems AUT"]
[Date "2012.11.03"]
[EventDate "2012.11.02"]
[Round "2.1"]
[Result "1-0"]
[White "Richard Rapport"]
[Black "Tomas Polak"]
[WhiteElo "2621"]
[BlackElo "2520"]
[PlyCount "53"]

1. d4 Nf6 2. c4 e6 3. Nc3 Bb4 4. Bg5 h6 5. Bh4 c5 6. d5 b5
7. e4 exd5 8. cxd5 g5 9. Bg3 Nxe4 10. Ne2 Qf6 11. Qc2 Nxg3
12. Nxg3 O-O 13. Bxb5 Re8+ 14. Be2 Ba6 15. O-O Bxc3 16. bxc3
Bxe2 17. Nxe2 d6 18. f4 g4 19. Ng3 Nd7 20. Qf5 Re7 21. Qxg4+
Kh7 22. Nf5 Rg8 23. Qh3 Re2 24. Ng3 Re7 25. Rf3 Qg6 26. Nf5
Ree8 27. Raf1 1-0

[Event "1st MVM Chess Cup"]
[Site "Budapest HUN"]
[Date "2014.??.??"]
[EventDate "?"]
[Round "4"]
[Result "1/2-1/2"]
[White "Richard Rapport"]
[Black "Lajos Portisch"]
[WhiteElo "2698"]
[BlackElo "2464"]
[PlyCount "41"]

1. b3 d5 2. Bb2 Bg4 3. f3 Bf5 4. e3 Nf6 5. Ne2 h6 6. Nbc3 c6
7. d4 e6 8. Qd2 Nbd7 9. g4 Bh7 10. h4 Nb6 11. g5 Nfd7 12. Nf4
Bd6 13. g6 fxg6 14. O-O-O Qf6 15. Bh3 O-O-O 16. Nxe6 Rde8
17. Nc5 Rxe3 18. N3a4 Re7 19. Qb4 Kc7 20. Bxd7 Rxd7 21. Nxb6
1/2-1/2

[Event "1st MVM Chess Cup"]
[Site "Budapest HUN"]
[Date "2014.??.??"]
[EventDate "?"]
[Round "3"]
[Result "0-1"]
[White "Lajos Portisch"]
[Black "Richard Rapport"]
[WhiteElo "2464"]
[BlackElo "2698"]
[PlyCount "64"]

1. d4 b6 2. e4 Bb7 3. f3 g6 4. c4 Bg7 5. Nc3 d6 6. Be3 c5
7. d5 Nf6 8. Nh3 O-O 9. Be2 Re8 10. Qd2 a6 11. a4 Nbd7 12. O-O
Qc7 13. Nf2 Rad8 14. Rad1 e6 15. dxe6 Rxe6 16. Nd3 Ne5
17. Nxe5 Rxe5 18. Bf4 Re6 19. Bg5 Rde8 20. Rfe1 Qc6 21. b3 Qc8
22. Bf1 Nh5 23. Kh1 Bc6 24. Bd3 Qb7 25. Nd5 Bd4 26. g4 Nf6
27. Nf4 R6e7 28. Bc2 b5 29. axb5 axb5 30. Qc1 Nxe4 31. fxe4
Rxe4 32. Rxe4 Rxe4 0-1

[Event "1st MVM Chess Cup"]
[Site "Budapest HUN"]
[Date "2014.??.??"]
[EventDate "?"]
[Round "2"]
[Result "1-0"]
[White "Richard Rapport"]
[Black "Lajos Portisch"]
[WhiteElo "2698"]
[BlackElo "2464"]
[PlyCount "105"]

1. b3 d5 2. Bb2 Bg4 3. f3 Bf5 4. e3 Nf6 5. Ne2 Nbd7 6. g4 Bg6
7. h4 h6 8. Nf4 e5 9. Nxg6 fxg6 10. Qe2 Bd6 11. Nc3 c6 12. Bh3
g5 13. hxg5 hxg5 14. O-O-O Qe7 15. Bg2 O-O-O 16. Kb1 Ba3
17. Ba1 Nb6 18. Qd3 Nfd7 19. Rh5 Rxh5 20. gxh5 Rh8 21. Bh3
Rxh5 22. Qf1 Kb8 23. Qg2 g6 24. Rg1 Nf6 25. Ne2 Nc4 26. Bc3
Nd6 27. Ng3 Rh4 28. Nh1 Nf7 29. Nf2 Bb4 30. Bxb4 Qxb4 31. Be6
Rh7 32. Nd3 Qe7 33. Bxf7 Rxf7 34. Qxg5 e4 35. Ne5 Rg7 36. f4
Ng8 37. f5 Qxg5 38. Rxg5 Kc7 39. d4 exd3 40. cxd3 Kd6 41. d4
Ke7 42. fxg6 Kf6 43. Rg3 Ke6 44. Kc2 Nf6 45. Kd3 Nd7 46. Nxd7
Kxd7 47. e4 dxe4+ 48. Kxe4 Ke6 49. b4 a6 50. a4 Kf6 51. Kf4
Rg8 52. g7 Kf7 53. Kf5 1-0

[Event "1st MVM Chess Cup"]
[Site "Budapest HUN"]
[Date "2014.??.??"]
[EventDate "?"]
[Round "1"]
[Result "0-1"]
[White "Lajos Portisch"]
[Black "Richard Rapport"]
[WhiteElo "2464"]
[BlackElo "2698"]
[PlyCount "62"]

1. d4 b6 2. c4 Bb7 3. Nc3 e6 4. a3 f5 5. Nf3 Nf6 6. g3 Be7
7. Bg2 Ne4 8. Bd2 O-O 9. O-O Bf6 10. Rc1 Nc6 11. Be1 Ne7
12. Nxe4 fxe4 13. Ne5 Nf5 14. e3 c5 15. Bc3 cxd4 16. exd4 Rc8
17. Qe2 d5 18. cxd5 exd5 19. Rfd1 g6 20. Rc2 Qe8 21. Ng4 Bg7
22. Ne3 Qa4 23. Rcd2 Bh6 24. Bh3 Ba6 25. Qg4 Nxe3 26. Qe6+ Rf7
27. fxe3 Bxe3+ 28. Kh1 Bxd2 29. Rxd2 Re8 30. Qxd5 e3 31. Rg2
Bb7 0-1

[Event "HUN-POL Friendly Match m"]
[Site "Budapest HUN"]
[Date "2014.06.09"]
[EventDate "2014.06.08"]
[Round "2.3"]
[Result "1-0"]
[White "Richard Rapport"]
[Black "Grzegorz Gajewski"]
[WhiteElo "2701"]
[BlackElo "2650"]
[PlyCount "61"]

1. Nf3 d5 2. d4 Nf6 3. c4 e6 4. Nc3 Bb4 5. Qb3 c5 6. dxc5 Nc6
7. Bg5 Qa5 8. Bxf6 dxc4 9. Qxc4 gxf6 10. Rc1 Qxc5 11. Qh4 Ke7
12. g3 Bxc3+ 13. bxc3 b6 14. Bg2 Ba6 15. Nd2 Rac8 16. Ne4 Qf5
17. g4 Qg6 18. f4 Nd4 19. Rd1 Nc2+ 20. Kf2 Rhd8 21. Bf3 h6
22. Ng3 Rxd1 23. Rxd1 Rc4 24. Nh5 Bb5 25. Qg3 Qg8 26. f5 e5
27. Nxf6 Kxf6 28. Rd6+ Kg7 29. Qh4 Qf8 30. Qxh6+ Kg8 31. Rg6+
1-0

[Event "Politiken Cup"]
[Site "Helsingor DEN"]
[Date "2014.07.24"]
[EventDate "2014.07.21"]
[Round "5.5"]
[Result "1/2-1/2"]
[White "Richard Rapport"]
[Black "Allan Stig Rasmussen"]
[WhiteElo "2701"]
[BlackElo "2522"]
[PlyCount "98"]

1. e4 c6 2. d4 d5 3. exd5 cxd5 4. Bd3 Nc6 5. c3 Qc7 6. Ne2 Bg4
7. Na3 Nf6 8. f3 Bh5 9. Bf4 Qd7 10. Nc2 e6 11. Ne3 Bg6 12. Be5
Bd6 13. f4 Bxd3 14. Qxd3 Bxe5 15. fxe5 Ne4 16. O-O Qe7 17. c4
Nb4 18. Qd1 dxc4 19. Qa4+ Nc6 20. Rf4 f5 21. Nc3 g5 22. Rff1
O-O-O 23. Rad1 Nxd4 24. Nxe4 fxe4 25. Nxc4 Kb8 26. Nd6 Nf5
27. Qxe4 Nxd6 28. exd6 Rxd6 29. Qe5 Rd8 30. Rd5 Qc7 31. Rxd6
Qxd6 32. Qxg5 e5 33. Re1 Re8 34. Qh5 Re7 35. Qe2 e4 36. Rd1
Qc7 37. Qe3 b6 38. Rc1 Qd7 39. h3 Kb7 40. b3 Qd5 41. Qc3 Qe6
42. Kf2 a5 43. Ke2 Qd6 44. Qc8+ Ka7 45. Rd1 Qg3 46. Rd7+ Rxd7
47. Qxd7+ Ka6 48. Qc8+ Ka7 49. Qd7+ Ka6 1/2-1/2

[Event "Riga Technical University Open"]
[Site "Riga LAT"]
[Date "2014.08.24"]
[EventDate "2014.08.16"]
[Round "9.1"]
[Result "1/2-1/2"]
[White "Boris Savchenko"]
[Black "Richard Rapport"]
[WhiteElo "2596"]
[BlackElo "2704"]
[PlyCount "89"]

1. e4 Nf6 2. d4 d6 3. Nc3 e5 4. Nf3 exd4 5. Nxd4 Be7 6. Bf4
O-O 7. Qd2 d5 8. Ndb5 Bb4 9. O-O-O c6 10. Nc7 Nxe4 11. Qd4
Bxc3 12. bxc3 Qe7 13. Rd3 Be6 14. Nxa8 c5 15. Qe3 c4 16. Rd4
Qa3+ 17. Kd1 Nxc3+ 18. Kd2 Nb1+ 19. Kd1 Nc6 20. Nc7 Nxd4
21. Qxd4 Nc3+ 22. Kd2 Ne4+ 23. Ke2 Qxa2 24. Kf3 Qa3+ 25. Qe3
Qe7 26. Bxc4 dxc4 27. Kxe4 g5 28. Bg3 Qf6 29. Be5 Qf5+ 30. Kd4
f6 31. Nxe6 Re8 32. Bg3 Rxe6 33. Qf3 Qxc2 34. Qxb7 Qd2+
35. Kc5 Qa5+ 36. Qb5 Qa3+ 37. Kxc4 Re4+ 38. Kd5 Rb4 39. Qe8+
Kg7 40. Qe7+ Kg6 41. Qe8+ Kg7 42. Qd7+ Kg6 43. Qe8+ Kg7
44. Qe7+ Kg6 45. Qe8+ 1/2-1/2

[Event "Serbian League"]
[Site "Palic"]
[Date "2014.09.03"]
[EventDate "?"]
[Round "5"]
[Result "1-0"]
[White "Richard Rapport"]
[Black "Aleksandar Indjic"]
[WhiteElo "2704"]
[BlackElo "2539"]
[PlyCount "119"]

1. b3 d5 2. Bb2 Nf6 3. e3 g6 4. c4 dxc4 5. Bxc4 Bg7 6. Nf3 O-O
7. O-O c5 8. d4 cxd4 9. Nxd4 a6 10. Nd2 Nbd7 11. a4 Nb6
12. Be2 Nbd5 13. Nc4 Re8 14. f4 Bd7 15. Bf3 Rc8 16. Qe2 Bg4
17. Rfd1 Bxf3 18. Qxf3 Qc7 19. Rac1 Qb8 20. g4 Nxg4 21. Qxd5
Rxc4 22. bxc4 Nxe3 23. Qe4 Nxd1 24. Rxd1 Qc7 25. Kg2 Qxc4
26. Qxb7 Qxa4 27. Rd2 Bf6 28. Qc6 Qxc6+ 29. Nxc6 Ra8 30. Ba3
e6 31. Rd7 Kg7 32. Bd6 a5 33. Ne5 Bxe5 34. Bxe5+ Kg8 35. Bf6
a4 36. Rd2 h6 37. Kf3 a3 38. Ra2 Ra5 39. Bc3 Ra4 40. Bd2 Kg7
41. Bc1 Kf6 42. Rxa3 Rxa3+ 43. Bxa3 Kf5 44. Bf8 h5 45. Bd6 f6
46. Bc7 h4 47. Bd8 g5 48. fxg5 fxg5 49. Ba5 e5 50. Bd2 e4+
51. Kg2 Kg4 52. Be3 Kh5 53. Kh3 g4+ 54. Kg2 Kg6 55. Bb6 Kg5
56. Bd8+ Kh5 57. Kf1 e3 58. Bb6 Kg5 59. Bxe3+ Kf5 60. Kg2 1-0

[Event "ACP Masters GpB"]
[Site "Ashdod ISR"]
[Date "2015.12.08"]
[EventDate "2015.12.07"]
[Round "4.3"]
[Result "1/2-1/2"]
[White "Richard Rapport"]
[Black "Etienne Bacrot"]
[WhiteElo "2715"]
[BlackElo "2692"]
[PlyCount "109"]

1. e4 e5 2. f4 exf4 3. Nf3 Ne7 4. Nc3 d5 5. d4 dxe4 6. Nxe4
Nd5 7. Bd3 Be7 8. c4 Ne3 9. Qe2 O-O 10. Bxe3 fxe3 11. O-O-O
Bg4 12. Qxe3 Nc6 13. d5 Nb4 14. Bb1 f5 15. Ned2 Qd6 16. a3 Na6
17. h3 Bxf3 18. Nxf3 Rae8 19. Rhe1 Nc5 20. Bc2 a5 21. Kb1 Qb6
22. Nd4 Bf6 23. Qd2 g6 24. Nb5 c6 25. Nc3 cxd5 26. cxd5 Rc8
27. Na4 Nxa4 28. Bxa4 Bc3 29. Re6 Qxe6 30. dxe6 Bxd2 31. Rxd2
Rc7 32. Bd7 Ra8 33. e7 Kf7 34. e8=Q+ Rxe8 35. Bxe8+ Kxe8
36. Rd5 b6 37. Rd6 Rb7 38. Kc2 Ke7 39. Rc6 Kd7 40. Rf6 Rc7+
41. Kd2 Rc6 42. Rf7+ Ke6 43. Rxh7 Ke5 44. h4 Rc4 45. Ke3 Rc2
46. b4 Rb2 47. Rh6 axb4 48. axb4 f4+ 49. Kf3 Kf5 50. h5 g5
51. g4+ fxg3 52. Kxg3 Rb3+ 53. Kg2 Rb2+ 54. Kg3 Rb3+ 55. Kg2
1/2-1/2

[Event "Cez Trophy"]
[Site "Prague CZE"]
[Date "2016.06.05"]
[EventDate "2016.06.05"]
[Round "1"]
[Result "1/2-1/2"]
[White "Richard Rapport"]
[Black "David Navara"]
[WhiteElo "2731"]
[BlackElo "2744"]
[PlyCount "84"]

1. Nf3 Nf6 2. g3 d5 3. Bg2 c6 4. O-O Bf5 5. c4 e6 6. cxd5 cxd5
7. Qb3 Qb6 8. Qxb6 axb6 9. Nc3 Nc6 10. d3 Bc5 11. Bf4 O-O
12. Nh4 Bg6 13. Nxg6 hxg6 14. Bd2 Rfc8 15. Rfc1 Ng4 16. Be1 f5
17. Rab1 Kf7 18. a3 Nd4 19. e3 Nb3 20. Rd1 Nf6 21. e4 Rd8
22. exd5 Nxd5 23. Nxd5 exd5 24. d4 Be7 25. Rd3 Na5 26. Bxa5
Rxa5 27. Rc1 Rd7 28. Rc8 b5 29. b4 Ra6 30. Rdc3 Bf6 31. R3c5
Rxa3 32. Bxd5+ Ke7 33. Rxb5 Bxd4 34. Rc2 b6 35. Rd2 Bc3
36. Re2+ Kf8 37. Kg2 Ra4 38. Bc6 Rd2 39. Rxd2 Bxd2 40. Rxf5+
gxf5 41. Bxa4 Bxb4 42. f4 g6 1/2-1/2

[Event "Cez Trophy"]
[Site "Prague CZE"]
[Date "2016.06.06"]
[EventDate "2016.06.05"]
[Round "2"]
[Result "1/2-1/2"]
[White "David Navara"]
[Black "Richard Rapport"]
[WhiteElo "2744"]
[BlackElo "2731"]
[PlyCount "107"]

1. e4 Nf6 2. e5 Nd5 3. d4 d6 4. Nf3 Bg4 5. Be2 e6 6. c4 Nb6
7. exd6 cxd6 8. Nc3 Be7 9. O-O O-O 10. h3 Bh5 11. b3 Nc6
12. Be3 d5 13. c5 Nc8 14. b4 a6 15. a3 Bxf3 16. Bxf3 Bf6
17. g4 N8e7 18. Bg2 g6 19. f4 b6 20. Na4 bxc5 21. Nxc5 Nc8
22. Rc1 N6e7 23. Qd3 Nd6 24. Kh1 Nc4 25. Bf2 Kh8 26. Rc2 Re8
27. Re2 Ra7 28. Rfe1 Rf8 29. Rf1 Re8 30. Ne4 Bg7 31. Bh4 dxe4
32. Qxc4 f5 33. Qxe6 Nd5 34. Qc6 Rc7 35. Qa4 Qd7 36. Qxd7 Rxd7
37. Bg3 Rc7 38. Kh2 Rec8 39. h4 Rc2 40. Rfe1 Bh6 41. gxf5 gxf5
42. Bh3 Nxf4 43. Bxf4 Bxf4+ 44. Kg2 Bd2 45. Rf1 Bc1 46. Rxc2
Rxc2+ 47. Rf2 Rxf2+ 48. Kxf2 f4 49. a4 Be3+ 50. Kf1 Bxd4
51. Bf5 e3 52. Ke2 Bc3 53. Bd3 Bxb4 54. Bxa6 1/2-1/2

[Event "Cez Trophy"]
[Site "Prague CZE"]
[Date "2016.06.07"]
[EventDate "2016.06.05"]
[Round "3"]
[Result "1/2-1/2"]
[White "Richard Rapport"]
[Black "David Navara"]
[WhiteElo "2731"]
[BlackElo "2744"]
[PlyCount "69"]

1. Nf3 c5 2. c4 Nc6 3. d4 cxd4 4. Nxd4 e6 5. Nc3 Nf6 6. a3 Bc5
7. Nb3 Bb6 8. Bf4 d5 9. c5 Bc7 10. Bxc7 Qxc7 11. Nb5 Qb8
12. Nd6+ Ke7 13. Nd2 b6 14. b4 a5 15. b5 Na7 16. cxb6 Qxd6
17. bxa7 Rxa7 18. a4 d4 19. Qb3 Rc7 20. Nc4 Qc5 21. e3 Rd8
22. b6 dxe3 23. bxc7 exf2+ 24. Ke2 Rd4 25. Qa3 Rxc4 26. Qxc5+
Rxc5 27. Kxf2 Rxc7 28. Bd3 Bd7 29. Rhc1 Rxc1 30. Rxc1 Bxa4
31. Rc5 Bb3 32. Rxa5 Bd5 33. Ra7+ Kf8 34. Be2 g6 35. Bf3
1/2-1/2

[Event "Cez Trophy"]
[Site "Prague CZE"]
[Date "2016.06.08"]
[EventDate "2016.06.05"]
[Round "4"]
[Result "0-1"]
[White "David Navara"]
[Black "Richard Rapport"]
[WhiteElo "2744"]
[BlackElo "2731"]
[PlyCount "76"]

1. e4 Nf6 2. e5 Nd5 3. d4 d6 4. Nf3 Bg4 5. Be2 e6 6. O-O Be7
7. h3 Bh5 8. c4 Nb6 9. Nc3 O-O 10. Be3 d5 11. cxd5 exd5
12. Ne1 Bxe2 13. Qxe2 c6 14. Nd3 Na6 15. Rae1 Nc7 16. Nf4 Qd7
17. Nh5 Rae8 18. Qf3 Kh8 19. Ne2 Nc4 20. Bc1 f6 21. Qg3 Bb4
22. exf6 g6 23. Bh6 Bxe1 24. Bxf8 Rxf8 25. Rxe1 gxh5 26. Nf4
Rxf6 27. Nxh5 Rg6 28. Qh4 Re6 29. Rxe6 Qxe6 30. Nf4 Qf7
31. Qd8+ Ne8 32. Nd3 h6 33. b3 Nd6 34. Ne5 Qc7 35. Qh4 Qg7
36. Qd8 Kh7 37. f4 Qf6 38. Qd7+ Ng7 0-1

[Event "GRENKE Chess Open"]
[Site "Karlsruhe GER"]
[Date "2017.04.15"]
[EventDate "2017.04.13"]
[Round "5.2"]
[Result "1/2-1/2"]
[White "Gabor Papp"]
[Black "Richard Rapport"]
[WhiteElo "2581"]
[BlackElo "2696"]
[PlyCount "76"]

1. e4 e5 2. Nf3 Nc6 3. Bc4 Nf6 4. d3 Be7 5. O-O d6 6. a4 O-O
7. Re1 h6 8. c3 Kh8 9. Nbd2 a5 10. Qb3 Nd7 11. d4 Bf6 12. dxe5
Ncxe5 13. Nxe5 Nxe5 14. Bf1 Bg5 15. Nc4 Be6 16. f4 Bh4 17. Rd1
Ng4 18. g3 Be7 19. h3 Nf6 20. Qc2 d5 21. f5 Bc5+ 22. Be3 Qe7
23. Qf2 Bxe3 24. Nxe3 Nxe4 25. Qf4 Qc5 26. Rd4 Qb6 27. Nc4
dxc4 28. Qxe4 Bd7 29. Qc2 Rad8 30. Qf2 Bc6 31. Bxc4 Rxd4
32. cxd4 Rd8 33. d5 Qxf2+ 34. Kxf2 Bd7 35. g4 Kg8 36. b3 Kf8
37. Re1 b6 38. Ba6 Ra8 1/2-1/2

[Event "GRENKE Chess Open"]
[Site "Karlsruhe GER"]
[Date "2017.04.16"]
[EventDate "2017.04.13"]
[Round "6.3"]
[Result "1-0"]
[White "Richard Rapport"]
[Black "Alexander Yuryevich (Nenashev) Graf"]
[WhiteElo "2696"]
[BlackElo "2577"]
[PlyCount "117"]

1. e4 e6 2. d4 d5 3. e5 c5 4. c3 Nc6 5. Nf3 Bd7 6. Be2 Nge7
7. Na3 a6 8. Nc2 Qc7 9. O-O Ng6 10. h4 Be7 11. g3 f6 12. h5
Nf8 13. b4 c4 14. Bf4 g5 15. hxg6 Nxg6 16. exf6 Nxf4 17. fxe7
Rg8 18. Ne3 Kxe7 19. Ng2 Nh3+ 20. Kh2 Nxf2 21. Rxf2 Qxg3+
22. Kg1 Raf8 23. Qe1 Rf4 24. a4 Be8 25. b5 Na5 26. bxa6 bxa6
27. Qc1 Re4 28. Ne5 Rxe5 29. Qa3+ Kd7 30. dxe5 Qxe5 31. Re1
Rg3 32. Rf3 Bg6 33. Qc5 Nc6 34. Rxg3 Qxg3 35. Qe3 Qxe3+
36. Nxe3 Kd6 37. Nxc4+ dxc4 38. Bxc4 Bc2 39. Rxe6+ Kc5
40. Bxa6 Bxa4 41. Kf2 Bb3 42. Rh6 Bc2 43. Rh5+ Kb6 44. Be2 Ne7
45. Ke3 Bg6 46. Re5 Nf5+ 47. Kd2 Nd6 48. Bd3 Bf7 49. Ke3 h5
50. Kd4 h4 51. c4 Kc6 52. c5 Nb5+ 53. Bxb5+ Kxb5 54. Rf5 Ba2
55. Rf6 h3 56. Rb6+ Ka5 57. Ke5 Bc4 58. Rh6 Kb5 59. Kd6 1-0

[Event "GRENKE Chess Open"]
[Site "Karlsruhe GER"]
[Date "2017.04.16"]
[EventDate "2017.04.13"]
[Round "7.1"]
[Result "1/2-1/2"]
[White "Meilis Annaberdiev"]
[Black "Richard Rapport"]
[WhiteElo "2459"]
[BlackElo "2696"]
[PlyCount "32"]

1. d4 Nf6 2. Nf3 e6 3. Bg5 h6 4. Bh4 b6 5. e3 Bb7 6. Nbd2 Be7
7. c3 c5 8. h3 Nc6 9. a3 d5 10. Bg3 O-O 11. Bd3 Nd7 12. O-O c4
13. Bc2 f5 14. Ba4 Nf6 15. Ne5 Nxe5 16. dxe5 Nd7 1/2-1/2